000 00769nam a2200205Ia 4500
003 GCL
008 140319s9999 xx 000 0 ara d
020 _a0205064977
040 _aGCL /
_cGCL
082 0 4 _a621.38836
_bف هـ
100 1 _aفاروق محمد العامرى
245 1 0 _aالهوائى الطبقى للاستقبال التلفزيونى من الاقمار الصناعية =DISH ANTENNA FOR TV SATELLITE RECEPTION /
_cفاروق محمد العامرى
250 _aالاولى
260 _aالقاهرة :
_bالدار المصرية اللبنانية ،
_c1994
300 _a265 ص:
_bايض ؛
_c24 سم
490 _a
650 0 4 _aالاقمار الصناعية
650 0 4 _aالارسال والاستقبال
942 _2ddc
_cBK
999 _c4950
_d4950